Worlding the south (Record no. 67614)
[ view plain ]
| 000 -LEADER | |
|---|---|
| fixed length control field | 02851nam a2200301Ii 4500 |
| 008 - FIXED-LENGTH DATA ELEMENTS--GENERAL INFORMATION | |
| fixed length control field | 221202s xx 000 0 und d |
| 245 #0 - TITLE STATEMENT | |
| Title | Worlding the south |
| 246 ## - VARYING FORM OF TITLE | |
| Title proper/short title | Nineteenth-century literary culture and the southern settler colonies |
| 264 #1 - PRODUCTION, PUBLICATION, DISTRIBUTION, MANUFACTURE, AND COPYRIGHT NOTICE | |
| Place of production, publication, distribution, manufacture | Manchester |
| Name of producer, publisher, distributor, manufacturer | Manchester University Press |
| Date of production, publication, distribution, manufacture, or copyright notice | 2021 |
| 300 ## - PHYSICAL DESCRIPTION | |
| Extent | 1 online resource (449 pages) |
| 336 ## - CONTENT TYPE | |
| Content type term | text |
| Content type code | txt |
| Source | rdacontent |
| 337 ## - MEDIA TYPE | |
| Media type term | computer |
| Media type code | c |
| Source | rdamedia |
| 338 ## - CARRIER TYPE | |
| Carrier type term | online resource |
| Carrier type code | cr |
| Source | rdacarrier |
| 520 ## - SUMMARY, ETC. | |
| Summary, etc. | This collection brings together for the first time literary studies of British colonies in nineteenth-century Australia, New Zealand, South Africa, South America, Southeast Asia, and the Pacific Islands. Drawing on hemispheric studies, Indigenous studies, and southern theory to decentre British and other European metropoles, the collection offers a latitudinal challenge to national paradigms and traditional literary periodisations and canons by proposing a new literary history of the region that is predicated less on metropolitan turning points and more on southern cultural perspectives in multiple regional centres from Cape Town to Dunedin. With a focus on southern orientations, southern audiences, and southern modes of addressivity, Worlding the south foregrounds marginal, minor, and neglected writers and texts across a hemispheric complex of southern oceans and terrains. Drawing on an ontological tradition that tests the dominance of networked theories of globalisation, the collection also asks how we can better understand the dialectical relationship between the ‘real’ world in which a literary text or art object exists and the symbolic or conceptual world it shows or creates. By examining the literary processes of ‘worlding’, it demonstrates how art objects make legible homogenising imperial and colonial narratives, inequalities of linguistic power, textual and material violence, and literary and cultural resistance. With contributions from leading scholars in nineteenth-century literary and cultural studies, the collection revises literary histories of the ‘British world’ by arguing for the distinctiveness of settler colonialism in the southern hemisphere, and by incorporating Indigenous, diasporic, settler, and other southern perspectives. |
| 653 ## - INDEX TERM--UNCONTROLLED | |
| Uncontrolled term | Nineteenth-Century Literature |
| 653 ## - INDEX TERM--UNCONTROLLED | |
| Uncontrolled term | Romantic Studies |
| 653 ## - INDEX TERM--UNCONTROLLED | |
| Uncontrolled term | Settler Colonialism |
| 653 ## - INDEX TERM--UNCONTROLLED | |
| Uncontrolled term | Victorian Studies |
| 653 ## - INDEX TERM--UNCONTROLLED | |
| Uncontrolled term | Southern Hemisphere |
| 700 1# - ADDED ENTRY--PERSONAL NAME | |
| Personal name | 0000-0001-6854-7190 |
| 700 1# - ADDED ENTRY--PERSONAL NAME | |
| Personal name | 0000-0002-8481-3898 |
| 700 1# - ADDED ENTRY--PERSONAL NAME | |
| Personal name | 600 |
| 700 1# - ADDED ENTRY--PERSONAL NAME | |
| Personal name | 600 |
| 700 1# - ADDED ENTRY--PERSONAL NAME | |
| Personal name | Comyn, Sarah |
| 700 1# - ADDED ENTRY--PERSONAL NAME | |
| Personal name | Fermanis, Porscha |
| 856 ## - ELECTRONIC LOCATION AND ACCESS | |
| Uniform Resource Identifier | <a href="https://library.oapen.org/bitstream/20.500.12657/50920/1/9781526148179_fullhl.pdfhttps://manchesteruniversitypress.co.uk/9781526152886https://library.oapen.org/handle/20.500.12657/50920">https://library.oapen.org/bitstream/20.500.12657/50920/1/9781526148179_fullhl.pdfhttps://manchesteruniversitypress.co.uk/9781526152886https://library.oapen.org/handle/20.500.12657/50920</a> |
| 942 ## - ADDED ENTRY ELEMENTS (KOHA) | |
| Koha item type | E-Book |
| Withdrawn status | Damaged status | Not for loan | Home library | Current library | Date acquired | Total Checkouts | Date last seen | Price effective from | Koha item type |
|---|---|---|---|---|---|---|---|---|---|
| Directory of Open Access Books | Directory of Open Access Books | 11/28/2022 | 11/28/2022 | 11/28/2022 | E-Book |